[Event "33ème Open International d'Avoine"]
[Site "Avoine"]
[Date "2018.07.21"]
[Round "2.4"]
[White "Lerch, Patrice"]
[Black "Dube, Dimitri"]
[Result "1-0"]
[WhiteElo "2405"]
[BlackElo "2061"]
[PlyCount "119"]
[EventDate "2018.??.??"]

1. Nf3 {[%emt 0:00:12]} d6 {[%emt 0:00:12]} 2. e4 {[%emt 0:00:05]} Nf6 {
[%emt 0:00:19]} 3. Nc3 {[%emt 0:00:10]} g6 {[%emt 0:01:05]} 4. g3 {
[%emt 0:01:02]} Bg7 {[%emt 0:00:15]} 5. Bg2 {[%emt 0:00:06]} O-O {
[%emt 0:00:33]} 6. O-O {[%emt 0:00:08]} e5 {[%emt 0:07:30]} 7. d4 {
[%emt 0:14:33]} Nbd7 {[%emt 0:00:11]} 8. a4 {[%emt 0:03:14]} c6 {[%emt 0:00:58]
} 9. b3 {[%emt 0:01:06]} Qc7 {[%emt 0:02:43]} 10. Bb2 {[%emt 0:01:09]} b6 {
[%emt 0:00:37]} 11. Qd2 {[%emt 0:06:12]} Bb7 {[%emt 0:01:19]} 12. Rfd1 {
[%emt 0:07:19]} Rad8 {[%emt 0:00:49]} 13. dxe5 {[%emt 0:01:37]} Nxe5 {
[%emt 0:01:24]} 14. Nd4 {[%emt 0:01:56]} Rfe8 {[%emt 0:08:42]} 15. h3 {
[%emt 0:06:26]} a6 {[%emt 0:01:23]} 16. Qf4 {[%emt 0:20:28]} d5 {[%emt 0:12:11]
} 17. exd5 {[%emt 0:01:04]} cxd5 {[%emt 0:00:17]} 18. Re1 {[%emt 0:05:01]} Nh5
{[%emt 0:06:14]} 19. Qd2 {[%emt 0:05:07]} Qd7 {[%emt 0:08:40]} 20. Rad1 {
[%emt 0:01:46]} f5 {[%emt 0:06:09]} 21. Nce2 {[%emt 0:05:21]} Nf7 {
[%emt 0:06:49]} 22. Qc1 {[%emt 0:01:38]} Nd6 {[%emt 0:01:26]} 23. Nf4 {
[%emt 0:07:53]} Nxf4 {[%emt 0:08:37]} 24. Rxe8+ {[%emt 0:02:04]} Rxe8 {
[%emt 0:01:29]} 25. Qxf4 {[%emt 0:00:05]} Ne4 {[%emt 0:00:34]} 26. Qc1 {
[%emt 0:01:50]} Rc8 {[%emt 0:04:31]} 27. Ne2 {[%emt 0:03:48]} b5 {
[%emt 0:09:20]} 28. axb5 {[%emt 0:01:18]} axb5 {[%emt 0:01:09]} 29. Bxg7 {
[%emt 0:01:11]} Qxg7 {[%emt 0:00:10]} 30. Qf4 {[%emt 0:01:09]} Qc7 {
[%emt 0:05:05]} 31. Bxe4 {[%emt 0:01:04]} dxe4 {[%emt 0:01:35]} 32. Qxc7 {
[%emt 0:02:50]} Rxc7 {[%emt 0:00:08]} 33. Rd8+ {[%emt 0:00:31]} Kg7 {
[%emt 0:05:31]} 34. Nd4 {[%emt 0:01:11]} Kh6 {[%emt 0:00:04]} 35. Rd6 {
[%emt 0:01:00]} Bc8 {[%emt 0:01:35]} 36. Kf1 {[%emt 0:00:56]} Kg5 {
[%emt 0:02:23]} 37. Ke2 {[%emt 0:00:46]} f4 {[%emt 0:01:38]} 38. Rd5+ {
[%emt 0:00:25]} Kf6 {[%emt 0:01:18]} 39. gxf4 {[%emt 0:01:01]} Bxh3 {
[%emt 0:02:31]} 40. Rxb5 {[%emt 0:00:06]} h5 {[%emt 0:01:32]} 41. Rb8 {
[%emt 0:10:13]} Bg2 {[%emt 0:11:40]} 42. c4 {[%emt 0:04:34]} h4 {[%emt 0:00:38]
} 43. Rh8 {[%emt 0:00:29]} h3 {[%emt 0:00:19]} 44. Ke3 {[%emt 0:00:46]} Rc5 {
[%emt 0:11:00]} 45. f3 {[%emt 0:01:16]} exf3 {[%emt 0:13:37]} 46. Nxf3 {
[%emt 0:00:30]} Ra5 {[%emt 0:00:54]} 47. Nd2 {[%emt 0:07:25]} Ra1 {
[%emt 0:01:04]} 48. b4 {[%emt 0:01:07]} Kf5 {[%emt 0:02:08]} 49. Rh4 {
[%emt 0:03:09]} g5 {[%emt 0:00:47]} 50. fxg5 {[%emt 0:00:08]} Kxg5 {
[%emt 0:00:06]} 51. Rh8 {[%emt 0:00:06]} Kg4 {[%emt 0:00:35]} 52. b5 {
[%emt 0:00:55]} Kg3 {[%emt 0:03:31]} 53. Ne4+ {[%emt 0:03:48]} Bxe4 {
[%emt 0:00:45]} 54. Kxe4 {[%emt 0:00:06]} h2 {[%emt 0:00:14]} 55. b6 {
[%emt 0:01:17]} h1=Q+ {[%emt 0:00:09]} 56. Rxh1 {[%emt 0:00:04]} Rxh1 {
[%emt 0:00:09]} 57. c5 {[%emt 0:00:08]} Rb1 {[%emt 0:00:45]} 58. Kd5 {
[%emt 0:00:51]} Rb5 {[%emt 0:02:12]} 59. Kc6 {[%emt 0:00:38]} Rb1 {
[%emt 0:00:40]} 60. Kb7 {[%emt 0:00:20]} 1-0

[Event "33ème Open International d'Avoine"]
[Site "Avoine"]
[Date "2018.07.21"]
[Round "2.5"]
[White "Pottier, Simeon"]
[Black "Ollier, Pablo"]
[Result "1/2-1/2"]
[WhiteElo "2061"]
[BlackElo "2398"]
[PlyCount "67"]
[EventDate "2018.??.??"]

1. d4 {[%emt 0:00:02]} Nf6 {[%emt 0:00:10]} 2. c4 {[%emt 0:00:04]} e6 {
[%emt 0:00:07]} 3. Nc3 {[%emt 0:00:08]} Bb4 {[%emt 0:00:09]} 4. e3 {
[%emt 0:00:04]} b6 {[%emt 0:01:17]} 5. Nge2 {[%emt 0:00:08]} c5 {[%emt 0:00:09]
} 6. a3 {[%emt 0:00:32]} Ba5 {[%emt 0:00:09]} 7. Rb1 {[%emt 0:00:23]} Na6 {
[%emt 0:00:58]} 8. g3 {[%emt 0:01:13]} Bb7 {[%emt 0:01:14]} 9. d5 {
[%emt 0:00:08]} b5 {[%emt 0:01:47]} 10. Bg2 {[%emt 0:01:28]} bxc4 {
[%emt 0:01:39]} 11. O-O {[%emt 0:01:10]} Bxc3 {[%emt 0:01:33]} 12. Nxc3 {
[%emt 0:04:38]} Nxd5 {[%emt 0:00:26]} 13. Nxd5 {[%emt 0:01:48]} exd5 {
[%emt 0:00:24]} 14. Bxd5 {[%emt 0:00:39]} Qb6 {[%emt 0:01:14]} 15. Bxc4 {
[%emt 0:10:47]} Qg6 {[%emt 0:21:41]} 16. Bd5 {[%emt 0:11:21]} Rb8 {
[%emt 0:10:09]} 17. e4 {[%emt 0:03:29]} O-O {[%emt 0:27:30]} 18. Bf4 {
[%emt 0:04:48]} Bxd5 {[%emt 0:00:57]} 19. Qxd5 {[%emt 0:00:31]} Rb6 {
[%emt 0:02:13]} 20. Qxd7 {[%emt 0:14:43]} Qxe4 {[%emt 0:01:07]} 21. Qxa7 {
[%emt 0:06:09]} Rg6 {[%emt 0:00:45]} 22. Be3 {[%emt 0:03:18]} h5 {
[%emt 0:01:27]} 23. Rbd1 {[%emt 0:03:19]} h4 {[%emt 0:01:10]} 24. Qd7 {
[%emt 0:06:00]} Rb8 {[%emt 0:07:54]} 25. Qd5 {[%emt 0:08:32]} Qxd5 {
[%emt 0:10:05]} 26. Rxd5 {[%emt 0:00:10]} Rxb2 {[%emt 0:00:20]} 27. Bxc5 {
[%emt 0:00:36]} Nxc5 {[%emt 0:00:24]} 28. Rxc5 {[%emt 0:00:05]} Ra2 {
[%emt 0:00:47]} 29. Rh5 {[%emt 0:01:19]} hxg3 {[%emt 0:00:56]} 30. hxg3 {
[%emt 0:00:08]} Rxa3 {[%emt 0:00:17]} 31. Re1 {[%emt 0:00:49]} Ra8 {
[%emt 0:00:15]} 32. Rhe5 {[%emt 0:00:36]} Rga6 {[%emt 0:00:32]} 33. Re8+ {
[%emt 0:00:19]} Rxe8 {[%emt 0:00:07]} 34. Rxe8+ {[%emt 0:00:04]} 1/2-1/2

[Event "33ème Open International d'Avoine"]
[Site "Avoine"]
[Date "2018.07.21"]
[Round "2.6"]
[White "Sobry, Sebastien"]
[Black "Colin, Vincent"]
[Result "0-1"]
[WhiteElo "2052"]
[BlackElo "2381"]
[PlyCount "68"]
[EventDate "2018.??.??"]

1. e4 {[%emt 0:00:02]} c5 {[%emt 0:00:07]} 2. Nf3 {[%emt 0:00:06]} Nc6 {
[%emt 0:00:05]} 3. d4 {[%emt 0:00:06]} cxd4 {[%emt 0:00:06]} 4. Nxd4 {
[%emt 0:00:04]} e5 {[%emt 0:00:07]} 5. Nb5 {[%emt 0:00:54]} d6 {[%emt 0:00:07]}
6. c4 {[%emt 0:01:49]} Be7 {[%emt 0:00:19]} 7. N1c3 {[%emt 0:01:16]} a6 {
[%emt 0:00:08]} 8. Na3 {[%emt 0:00:05]} f5 {[%emt 0:00:04]} 9. exf5 {
[%emt 0:03:44]} Bxf5 {[%emt 0:05:38]} 10. Bd3 {[%emt 0:01:24]} Be6 {
[%emt 0:00:05]} 11. Nc2 {[%emt 0:03:34]} Nf6 {[%emt 0:01:54]} 12. O-O {
[%emt 0:00:42]} O-O {[%emt 0:00:10]} 13. Bg5 {[%emt 0:12:58]} Qd7 {
[%emt 0:09:01]} 14. b3 {[%emt 0:04:33]} Rae8 {[%emt 0:04:39]} 15. Be2 {
[%emt 0:20:49]} Kh8 {[%emt 0:08:49]} 16. Bf3 {[%emt 0:07:07]} Bd8 {
[%emt 0:02:18]} 17. Bxf6 {[%emt 0:12:52]} gxf6 {[%emt 0:05:36]} 18. Qd3 {
[%emt 0:04:32]} f5 {[%emt 0:01:17]} 19. Bd5 {[%emt 0:02:24]} e4 {[%emt 0:07:02]
} 20. Bxc6 {[%emt 0:05:19]} bxc6 {[%emt 0:00:53]} 21. Qd2 {[%emt 0:01:12]} Qg7
{[%emt 0:01:33]} 22. Ne2 {[%emt 0:03:46]} f4 {[%emt 0:18:40]} 23. Kh1 {
[%emt 0:02:26]} Bf6 {[%emt 0:02:17]} 24. Rad1 {[%emt 0:01:50]} Be5 {
[%emt 0:00:17]} 25. f3 {[%emt 0:04:17]} Rg8 {[%emt 0:07:09]} 26. Ned4 {
[%emt 0:04:59]} c5 {[%emt 0:04:42]} 27. Nxe6 {[%emt 0:02:01]} Rxe6 {
[%emt 0:00:04]} 28. Qe2 {[%emt 0:07:22]} Rg6 {[%emt 0:01:11]} 29. Ne1 {
[%emt 0:00:52]} e3 {[%emt 0:02:46]} 30. Rc1 {[%emt 0:01:32]} Rh6 {
[%emt 0:01:32]} 31. Nd3 {[%emt 0:00:48]} Qg3 {[%emt 0:00:29]} 32. h3 {
[%emt 0:00:07]} Bd4 {[%emt 0:00:49]} 33. a3 {[%emt 0:00:21]} Rg5 {
[%emt 0:00:19]} 34. Rfd1 {[%emt 0:01:09]} Rxh3+ {[%emt 0:00:21]} 0-1

[Event "33ème Open International d'Avoine"]
[Site "Avoine"]
[Date "2018.07.21"]
[Round "2.7"]
[White "Naumkin, Igor"]
[Black "Deveque, Guillaume"]
[Result "1-0"]
[WhiteElo "2379"]
[BlackElo "2043"]
[PlyCount "49"]
[EventDate "2018.??.??"]

1. d4 {[%emt 0:01:26]} e6 {[%emt 0:00:25]} 2. c4 {[%emt 0:00:06]} Bb4+ {
[%emt 0:00:04]} 3. Nd2 {[%emt 0:00:29]} d5 {[%emt 0:02:26]} 4. a3 {
[%emt 0:01:07]} Be7 {[%emt 0:02:46]} 5. e3 {[%emt 0:01:19]} Nf6 {[%emt 0:00:12]
} 6. Ngf3 {[%emt 0:00:17]} O-O {[%emt 0:00:18]} 7. Qc2 {[%emt 0:00:59]} Nbd7 {
[%emt 0:05:43]} 8. b4 {[%emt 0:01:49]} dxc4 {[%emt 0:04:45]} 9. Nxc4 {
[%emt 0:00:31]} b6 {[%emt 0:01:10]} 10. Bb2 {[%emt 0:02:32]} c5 {[%emt 0:02:20]
} 11. dxc5 {[%emt 0:04:57]} bxc5 {[%emt 0:00:06]} 12. b5 {[%emt 0:00:34]} Nb6 {
[%emt 0:07:01]} 13. Rd1 {[%emt 0:06:18]} Qe8 {[%emt 0:02:41]} 14. Ng5 {
[%emt 0:04:43]} h6 {[%emt 0:03:05]} 15. h4 {[%emt 0:07:35]} g6 {[%emt 0:10:43]}
16. Nd6 {[%emt 0:13:07]} Bxd6 {[%emt 0:00:03]} 17. Rxd6 {[%emt 0:00:53]} Nbd5 {
[%emt 0:15:57]} 18. Qxc5 {[%emt 0:07:17]} hxg5 {[%emt 0:16:56]} 19. hxg5 {
[%emt 0:04:32]} Nh7 {[%emt 0:05:11]} 20. e4 {[%emt 0:12:21]} f6 {[%emt 0:06:08]
} 21. exd5 {[%emt 0:00:52]} Nxg5 {[%emt 0:02:29]} 22. dxe6 {[%emt 0:07:51]}
Nxe6 {[%emt 0:09:45]} 23. Bc4 {[%emt 0:03:42]} Kg7 {[%emt 0:00:10]} 24. Qe3 {
[%emt 0:01:57]} Nc7 {[%emt 0:04:19]} 25. Re6 {[%emt 0:05:21]} 1-0

[Event "33ème Open International d'Avoine"]
[Site "Avoine"]
[Date "2018.07.21"]
[Round "2.8"]
[White "Harutyunyan, Safar"]
[Black "Deslandes, Pascal"]
[Result "1/2-1/2"]
[WhiteElo "2050"]
[BlackElo "2362"]
[PlyCount "120"]
[EventDate "2018.??.??"]

1. Nf3 {[%emt 0:00:03]} Nf6 {[%emt 0:00:12]} 2. c4 {[%emt 0:00:06]} g6 {
[%emt 0:00:10]} 3. d4 {[%emt 0:00:20]} Bg7 {[%emt 0:00:13]} 4. Nc3 {
[%emt 0:00:07]} O-O {[%emt 0:00:19]} 5. Bf4 {[%emt 0:00:07]} d6 {[%emt 0:01:02]
} 6. h3 {[%emt 0:00:19]} c5 {[%emt 0:07:47]} 7. e3 {[%emt 0:03:18]} Bf5 {
[%emt 0:02:55]} 8. Be2 {[%emt 0:32:22]} Ne4 {[%emt 0:02:32]} 9. O-O {
[%emt 0:12:00]} cxd4 {[%emt 0:14:29]} 10. exd4 {[%emt 0:00:47]} Nc6 {
[%emt 0:05:46]} 11. Nxe4 {[%emt 0:12:09]} Bxe4 {[%emt 0:00:10]} 12. d5 {
[%emt 0:00:55]} Bxf3 {[%emt 0:03:10]} 13. Bxf3 {[%emt 0:03:39]} Ne5 {
[%emt 0:07:01]} 14. Bxe5 {[%emt 0:07:33]} Bxe5 {[%emt 0:00:36]} 15. Rb1 {
[%emt 0:06:05]} Rc8 {[%emt 0:07:42]} 16. Qd3 {[%emt 0:01:14]} Qb6 {
[%emt 0:05:21]} 17. Be2 {[%emt 0:06:44]} Rc7 {[%emt 0:04:36]} 18. b3 {
[%emt 0:04:39]} Qb4 {[%emt 0:09:28]} 19. f4 {[%emt 0:01:09]} Bf6 {
[%emt 0:01:12]} 20. a4 {[%emt 0:01:33]} a6 {[%emt 0:00:49]} 21. f5 {
[%emt 0:01:32]} Qc3 {[%emt 0:13:34]} 22. Qxc3 {[%emt 0:03:03]} Bxc3 {
[%emt 0:00:15]} 23. Bd3 {[%emt 0:00:14]} a5 {[%emt 0:01:14]} 24. Rf3 {
[%emt 0:00:56]} Kg7 {[%emt 0:01:04]} 25. g4 {[%emt 0:01:27]} Bf6 {
[%emt 0:02:22]} 26. Kg2 {[%emt 0:00:29]} Rh8 {[%emt 0:01:10]} 27. Rbf1 {
[%emt 0:02:43]} g5 {[%emt 0:00:47]} 28. Rh1 {[%emt 0:00:21]} h5 {[%emt 0:00:53]
} 29. Rff1 {[%emt 0:02:09]} hxg4 {[%emt 0:01:19]} 30. hxg4 {[%emt 0:00:05]} Rh4
{[%emt 0:00:15]} 31. Rxh4 {[%emt 0:01:56]} gxh4 {[%emt 0:00:05]} 32. Kh3 {
[%emt 0:00:15]} Kh6 {[%emt 0:04:23]} 33. Bc2 {[%emt 0:00:16]} Kg5 {
[%emt 0:00:09]} 34. Bd3 {[%emt 0:01:35]} Rc8 {[%emt 0:00:13]} 35. Bb1 {
[%emt 0:02:24]} Rh8 {[%emt 0:04:29]} 36. Bc2 {[%emt 0:00:54]} Rh6 {
[%emt 0:00:42]} 37. Bb1 {[%emt 0:01:10]} Be5 {[%emt 0:01:12]} 38. Bc2 {
[%emt 0:01:00]} Bg3 {[%emt 0:05:05]} 39. Bb1 {[%emt 0:00:49]} Kf6 {
[%emt 0:03:37]} 40. Rf3 {[%emt 0:00:30]} Rh8 {[%emt 0:00:59]} 41. Re3 {
[%emt 0:02:40]} Bf4 {[%emt 0:06:21]} 42. Re1 {[%emt 0:02:44]} Rc8 {
[%emt 0:01:02]} 43. Bd3 {[%emt 0:01:10]} Re8 {[%emt 0:02:08]} 44. Bc2 {
[%emt 0:09:30]} Bg5 {[%emt 0:00:33]} 45. Bb1 {[%emt 0:01:36]} Rc8 {
[%emt 0:01:04]} 46. Bd3 {[%emt 0:00:38]} Kg7 {[%emt 0:02:45]} 47. Re2 {
[%emt 0:00:50]} Kf8 {[%emt 0:00:26]} 48. Rc2 {[%emt 0:06:54]} Ke8 {
[%emt 0:00:31]} 49. Re2 {[%emt 0:01:22]} Kd8 {[%emt 0:00:45]} 50. Rc2 {
[%emt 0:01:35]} Rc5 {[%emt 0:04:13]} 51. Rb2 {[%emt 0:02:05]} Kc7 {
[%emt 0:00:24]} 52. b4 {[%emt 0:02:10]} axb4 {[%emt 0:00:09]} 53. Rxb4 {
[%emt 0:00:07]} Ra5 {[%emt 0:00:27]} 54. Bc2 {[%emt 0:00:25]} Rc5 {
[%emt 0:01:20]} 55. Bd3 {[%emt 0:00:11]} Ra5 {[%emt 0:03:32]} 56. Bc2 {
[%emt 0:00:02]} Ra7 {[%emt 0:00:16]} 57. Rb5 {[%emt 0:02:12]} Kd8 {
[%emt 0:00:24]} 58. Bd1 {[%emt 0:07:28]} Ke8 {[%emt 0:00:32]} 59. Bb3 {
[%emt 0:00:20]} Bf6 {[%emt 0:03:25]} 60. c5 {[%emt 0:06:54]} dxc5 {
[%emt 0:01:39]} 1/2-1/2

[Event "33ème Open International d'Avoine"]
[Site "Avoine"]
[Date "2018.07.21"]
[Round "2.9"]
[White "Shirazi, Kamran"]
[Black "Dessenne, Francois"]
[Result "1/2-1/2"]
[WhiteElo "2330"]
[BlackElo "2038"]
[PlyCount "55"]
[EventDate "2018.??.??"]

1. e4 {[%emt 0:00:11]} c5 {[%emt 0:00:16]} 2. Nf3 {[%emt 0:00:24]} Nc6 {
[%emt 0:00:24]} 3. Bb5 {[%emt 0:01:20]} g6 {[%emt 0:01:53]} 4. O-O {
[%emt 0:00:21]} Bg7 {[%emt 0:00:44]} 5. Re1 {[%emt 0:00:09]} Nf6 {
[%emt 0:06:52]} 6. h3 {[%emt 0:00:45]} O-O {[%emt 0:01:43]} 7. a4 {
[%emt 0:05:15]} a6 {[%emt 0:06:37]} 8. Bxc6 {[%emt 0:01:36]} dxc6 {
[%emt 0:04:54]} 9. a5 {[%emt 0:00:58]} b5 {[%emt 0:16:27]} 10. axb6 {
[%emt 0:00:13]} Rb8 {[%emt 0:06:07]} 11. d3 {[%emt 0:08:01]} Nd7 {
[%emt 0:02:42]} 12. c4 {[%emt 0:06:58]} Qxb6 {[%emt 0:13:39]} 13. Nc3 {
[%emt 0:00:06]} Rd8 {[%emt 0:01:03]} 14. Ra3 {[%emt 0:00:57]} Nf8 {
[%emt 0:03:31]} 15. Na4 {[%emt 0:02:35]} Qa7 {[%emt 0:01:09]} 16. Bf4 {
[%emt 0:02:33]} Rb4 {[%emt 0:00:45]} 17. Bd2 {[%emt 0:12:44]} Ne6 {
[%emt 0:05:23]} 18. Bxb4 {[%emt 0:09:43]} cxb4 {[%emt 0:00:12]} 19. Ra2 {
[%emt 0:00:03]} Nf4 {[%emt 0:05:03]} 20. b3 {[%emt 0:00:43]} Bxh3 {
[%emt 0:04:06]} 21. g3 {[%emt 0:05:13]} Ne6 {[%emt 0:04:11]} 22. Nh2 {
[%emt 0:01:24]} Qd4 {[%emt 0:15:47]} 23. Nf3 {[%emt 0:06:02]} Qa7 {
[%emt 0:00:16]} 24. Nh2 {[%emt 0:02:33]} Qd4 {[%emt 0:00:11]} 25. Nf3 {
[%emt 0:06:31]} Qa7 {[%emt 0:02:16]} 26. Qd2 {[%emt 0:00:02]} a5 {
[%emt 0:00:05]} 27. Nh2 {[%emt 0:00:08]} Nd4 {[%emt 0:00:02]} 28. Qd1 {
[%emt 0:00:06]} 1/2-1/2

[Event "33ème Open International d'Avoine"]
[Site "Avoine"]
[Date "2018.07.21"]
[Round "2.10"]
[White "Kavciyan, Yega"]
[Black "Schmit, Vincent"]
[Result "1/2-1/2"]
[WhiteElo "2039"]
[BlackElo "2285"]
[PlyCount "77"]
[EventDate "2018.??.??"]

1. d4 {[%emt 0:00:01]} Nf6 {[%emt 0:01:03]} 2. Nf3 {[%emt 0:00:05]} g6 {
[%emt 0:00:16]} 3. c4 {[%emt 0:00:11]} Bg7 {[%emt 0:00:12]} 4. Nc3 {
[%emt 0:00:06]} O-O {[%emt 0:00:32]} 5. e4 {[%emt 0:00:04]} d6 {[%emt 0:00:02]}
6. Be2 {[%emt 0:00:09]} e5 {[%emt 0:09:47]} 7. O-O {[%emt 0:04:22]} exd4 {
[%emt 0:08:04]} 8. Nxd4 {[%emt 0:00:57]} Re8 {[%emt 0:00:03]} 9. f3 {
[%emt 0:01:44]} Nc6 {[%emt 0:01:22]} 10. Be3 {[%emt 0:03:01]} Nh5 {
[%emt 0:00:10]} 11. Qd2 {[%emt 0:17:43]} Nxd4 {[%emt 0:07:43]} 12. Bxd4 {
[%emt 0:04:36]} Nf4 {[%emt 0:00:38]} 13. Be3 {[%emt 0:10:52]} Ne6 {
[%emt 0:09:16]} 14. Rac1 {[%emt 0:06:05]} Bd7 {[%emt 0:07:14]} 15. Rfd1 {
[%emt 0:03:26]} b6 {[%emt 0:02:30]} 16. b4 {[%emt 0:11:43]} a5 {[%emt 0:02:35]}
17. a3 {[%emt 0:05:24]} axb4 {[%emt 0:02:45]} 18. axb4 {[%emt 0:00:04]} Bc6 {
[%emt 0:17:10]} 19. Nd5 {[%emt 0:07:36]} Ra3 {[%emt 0:05:54]} 20. f4 {
[%emt 0:09:35]} Qa8 {[%emt 0:18:20]} 21. Bf3 {[%emt 0:00:41]} Ra2 {
[%emt 0:02:15]} 22. Qe1 {[%emt 0:04:20]} Bb2 {[%emt 0:03:24]} 23. f5 {
[%emt 0:04:11]} gxf5 {[%emt 0:06:05]} 24. exf5 {[%emt 0:01:03]} Bxc1 {
[%emt 0:03:00]} 25. Rxc1 {[%emt 0:01:30]} Ng7 {[%emt 0:02:04]} 26. Qg3 {
[%emt 0:06:01]} Kh8 {[%emt 0:00:28]} 27. Nxc7 {[%emt 0:03:51]} Bxf3 {
[%emt 0:00:32]} 28. Nxa8 {[%emt 0:02:13]} Bxa8 {[%emt 0:00:32]} 29. Bf2 {
[%emt 0:00:47]} Nxf5 {[%emt 0:00:30]} 30. Qg5 {[%emt 0:01:55]} Re5 {
[%emt 0:00:31]} 31. Qd8+ {[%emt 0:00:39]} Kg7 {[%emt 0:00:08]} 32. Qg5+ {
[%emt 0:00:06]} Kf8 {[%emt 0:00:36]} 33. Qd8+ {[%emt 0:00:05]} Kg7 {
[%emt 0:00:34]} 34. Qg5+ {[%emt 0:01:48]} Kf8 {[%emt 0:00:01]} 35. Qd8+ {
[%emt 0:00:28]} Kg7 {[%emt 0:01:21]} 36. Qxb6 Ree2 {[%emt 0:00:20]} 37. Rf1 {
[%emt 0:00:04]} Ne3 38. Qxd6 {[%emt 0:00:08]} Nxf1 {[%emt 0:00:04]} 39. Qc7
1/2-1/2

[Event "33ème Open International d'Avoine"]
[Site "Avoine"]
[Date "2018.07.21"]
[Round "2.11"]
[White "Bouget, Alexandre"]
[Black "Dubuisson, Samuel"]
[Result "1-0"]
[WhiteElo "2282"]
[BlackElo "2031"]
[PlyCount "119"]
[EventDate "2018.??.??"]

1. d4 Nf6 2. c4 e6 3. Nc3 Bb4 4. e3 b6 5. Bd3 Bb7 6. Nf3 O-O 7. O-O c5 8. Nb5
cxd4 9. a3 Be7 10. Nbxd4 Nc6 11. b4 Ng4 12. Nxc6 Bxc6 13. Nd4 Ne5 14. Bxh7+
Kxh7 15. Qh5+ Kg8 16. Qxe5 Bf6 17. Qg3 Rc8 18. Bb2 Be4 19. Rfc1 Bd3 20. c5 bxc5
21. bxc5 Qe7 22. Rd1 Bg6 23. Bc3 Qd8 24. c6 d6 25. Bb4 Bh4 26. Qxd6 Qf6 27. g3
Rfd8 28. Qf4 e5 29. Qxh4 Qxh4 30. gxh4 exd4 31. Rxd4 Rxd4 32. exd4 Be4 33. Rc1
Rxc6 34. Rxc6 Bxc6 35. Kf1 f5 36. Ke2 Kf7 37. Kd3 Bd5 38. Ke3 Kf6 39. Kf4 g6
40. Bc3 a6 41. Bb2 a5 42. Bc3 a4 43. Bb2 Ke6 44. Kg5 Kf7 45. h5 gxh5 46. Kxf5
Bf3 47. Kf4 Be2 48. d5 Ke7 49. Bc3 Kd6 50. Ke4 Ke7 51. f4 Bg4 52. f5 Bh3 53.
Ke5 Kf7 54. Be1 Ke7 55. Bb4+ Kd7 56. Kf6 Bg2 57. d6 h4 58. Kg7 Bd5 59. f6 Ke8
60. d7+ 1-0

[Event "33ème Open International d'Avoine"]
[Site "Avoine"]
[Date "2018.07.21"]
[Round "2.12"]
[White "Gimenez, Gregoire"]
[Black "Malassagne, Raphael"]
[Result "0-1"]
[WhiteElo "2035"]
[BlackElo "2275"]
[PlyCount "98"]
[EventDate "2018.??.??"]

1. d4 Nf6 2. Nf3 d5 3. c4 c6 4. Nc3 a6 5. a4 a5 6. cxd5 Nxd5 7. e4 Nb4 8. Bc4
e6 9. O-O Be7 10. Qe2 O-O 11. Rd1 Nd7 12. d5 exd5 13. exd5 Bc5 14. dxc6 bxc6
15. Ne5 Qe8 16. Nxd7 Bxd7 17. Qxe8 Bxe8 18. Bg5 h6 19. Ne4 Bxf2+ 20. Kxf2 hxg5
21. Nxg5 Rb8 22. Ra3 c5 23. Rf3 Nc6 24. b3 Ne5 25. Rf5 Nxc4 26. bxc4 Bxa4 27.
Ra1 Rb2+ 28. Kg3 Bc2 29. Rxc5 a4 30. Ra5 Rfb8 31. Nf3 R2b4 32. c5 Rc4 33. Ne5
Rc3+ 34. Kf2 Rb2 35. Kg1 f6 36. Nf3 Bb3 37. Nd4 Rc4 38. Nf3 Rbc2 39. Re1 Rxc5
40. Rxc5 Rxc5 41. Re8+ Kf7 42. Ra8 Rc2 43. h3 Ra2 44. Kh2 Bd5 45. Ra7+ Kg8 46.
Kg3 a3 47. Nh4 g5 48. Nf3 Ra1 49. Kg4 a2 0-1

[Event "33ème Open International d'Avoine"]
[Site "Avoine"]
[Date "2018.07.21"]
[Round "2.13"]
[White "Mazzella, Enzo"]
[Black "Rayne, Remy"]
[Result "1-0"]
[WhiteElo "2273"]
[BlackElo "2028"]
[PlyCount "107"]
[EventDate "2018.??.??"]

1. e4 c6 2. c4 d5 3. cxd5 Nf6 4. Nc3 cxd5 5. exd5 g6 6. Bc4 Bg7 7. Nf3 O-O 8.
O-O Nbd7 9. d3 Nb6 10. Qb3 Bg4 11. Ne5 Bf5 12. Re1 Ne8 13. a4 Nd6 14. Bf4 Rc8
15. a5 Nd7 16. Nxd7 Qxd7 17. Ra4 a6 18. Rb4 Rc7 19. Na4 h6 20. Be3 Nxc4 21.
dxc4 Qd6 22. c5 Qe5 23. Bd2 Qf6 24. Bc3 Qg5 25. Bxg7 Kxg7 26. Rxb7 Qd2 27. Ra1
Bc2 28. Qb4 Qxb4 29. Rxb4 Bxa4 30. Rbxa4 Rxc5 31. Rd4 Rd8 32. b4 Rcxd5 33. Rxd5
Rxd5 34. Kf1 Rd2 35. b5 axb5 36. a6 Rd8 37. Ke2 Kf6 38. a7 Ra8 39. Kd3 Ke5 40.
Kc3 Kd5 41. Kb4 Kc6 42. Ra6+ Kb7 43. Kxb5 e5 44. Rb6+ Kxa7 45. Ra6+ Kb7 46.
Rxa8 Kxa8 47. Kc6 f5 48. Kd5 e4 49. g3 Kb7 50. Ke5 Kc6 51. Kf6 Kd5 52. Kxg6 Ke5
53. Kxh6 f4 54. gxf4+ 1-0

[Event "33ème Open International d'Avoine"]
[Site "Avoine"]
[Date "2018.07.21"]
[Round "2.14"]
[White "Heurtebize, Christophe"]
[Black "Zachary, Matheo"]
[Result "1/2-1/2"]
[WhiteElo "2030"]
[BlackElo "2271"]
[PlyCount "68"]
[EventDate "2018.??.??"]

1. c4 e5 2. g3 Nf6 3. Bg2 c6 4. Nc3 d5 5. cxd5 cxd5 6. d4 e4 7. Bg5 Bb4 8. Qb3
Bxc3+ 9. Qxc3 Nbd7 10. Qa3 h6 11. Bf4 Qb6 12. e3 Qc6 13. Ne2 Nb6 14. b3 Bd7 15.
Rc1 Qe6 16. Bc7 Nc8 17. Be5 Bc6 18. O-O Qe7 19. Qxe7+ Kxe7 20. f3 Ne8 21. fxe4
dxe4 22. Rfd1 Nb6 23. Nc3 Rd8 24. g4 f6 25. Bg3 Nd5 26. Nxd5+ Bxd5 27. Rc2 h5
28. gxh5 Rxh5 29. Rdc1 Bc6 30. Rc5 Rxc5 31. Rxc5 g6 32. Bf1 Rd5 33. Rxd5 Bxd5
34. Kf2 Ng7 1/2-1/2

[Event "33ème Open International d'Avoine"]
[Site "Avoine"]
[Date "2018.07.21"]
[Round "2.15"]
[White "Viers, Matthieu"]
[Black "Gao, Etienne"]
[Result "0-1"]
[WhiteElo "2028"]
[BlackElo "2249"]
[PlyCount "92"]
[EventDate "2018.??.??"]

1. e4 c5 2. Nf3 d6 3. d4 cxd4 4. Nxd4 Nf6 5. Nc3 a6 6. f3 e5 7. Nb3 Be6 8. Be3
Be7 9. Be2 h5 10. Qd2 Nbd7 11. O-O O-O 12. Nd5 Bxd5 13. exd5 Rc8 14. Na5 Qc7
15. c4 Bd8 16. b4 Qb8 17. Nb3 Bb6 18. Bxb6 Nxb6 19. Rfc1 Rfe8 20. Qe3 Nbd7 21.
Na5 e4 22. f4 Nf8 23. h3 h4 24. a4 Ng6 25. b5 Qc7 26. Nb3 Qd7 27. Nd4 a5 28. b6
Ne7 29. Qc3 Nexd5 30. Qxa5 Rc5 31. Qe1 Nxf4 32. Qxh4 Nxe2+ 33. Nxe2 Qc6 34. Nd4
Qxb6 35. Rab1 Qa7 36. Kh2 Rh5 37. Nb5 Rxh4 38. Nxa7 e3 39. g4 Ne4 40. Nb5 Re6
41. Kg2 Reh6 42. Nd4 Rxh3 43. Nf5 Rh2+ 44. Kf3 Nd2+ 45. Kf4 R6h3 46. Rxb7 Rf2+
0-1

[Event "33ème Open International d'Avoine"]
[Site "Avoine"]
[Date "2018.07.21"]
[Round "2.16"]
[White "Sandu, Mihaela"]
[Black "Lucas, Jean-Christian"]
[Result "1-0"]
[WhiteElo "2248"]
[BlackElo "2024"]
[PlyCount "87"]
[EventDate "2018.??.??"]

1. e4 c5 2. Nf3 Nc6 3. d4 cxd4 4. Nxd4 e5 5. Nb5 a6 6. Nd6+ Bxd6 7. Qxd6 Qf6 8.
Qxf6 Nxf6 9. Nc3 Nb4 10. Kd2 d5 11. a3 d4 12. axb4 dxc3+ 13. Ke3 O-O 14. f3 Be6
15. b3 Rfd8 16. Bd3 Ne8 17. Ra5 f6 18. Ke2 Nc7 19. Be3 Nb5 20. Rd1 Nd4+ 21.
Bxd4 Rxd4 22. b5 Rd6 23. bxa6 bxa6 24. Rc5 a5 25. Ra1 Rad8 26. Rxc3 Ra8 27. Rc5
Rad8 28. Rd1 Ra8 29. Bc4 Bxc4+ 30. Rxc4 Rxd1 31. Kxd1 Kf7 32. Kc1 Rb8 33. Rc7+
Kg6 34. Ra7 Rb5 35. Kb2 f5 36. exf5+ Kf6 37. c4 Rc5 38. g4 h5 39. h3 hxg4 40.
hxg4 Kg5 41. Rxg7+ Kf4 42. f6 Rc8 43. f7 Rf8 44. g5 1-0